Reforma dôchodkového systému a tvorba dlhodobých zdrojov kapitálu
Obyvateľstvo vyspelých krajín si vo väčšej miere buduje finančné rezervy na zabezpečenie v dôchodkovom veku. Systémy penzijného poistenia vo vyspelých krajinách EÚ. Základné piliere dôchodkového zabezpečenia v krajinách Európskej únie. Zamestnanecké penzie.
Saved in:
| Main Author: | |
|---|---|
| Format: | Book Chapter |
| Language: | Slovak |
| Subjects: | |
| Tags: |
No Tags, Be the first to tag this record!
|
MARC
| LEADER | 00000naa a2200000 4500 | ||
|---|---|---|---|
| 001 | r036989 | ||
| 005 | 20230824102300.1 | ||
| 041 | 0 | |a slo | |
| 044 | |a SK | ||
| 245 | 1 | 0 | |a Reforma dôchodkového systému a tvorba dlhodobých zdrojov kapitálu |c Vladimír Baláž |
| 520 | |a Obyvateľstvo vyspelých krajín si vo väčšej miere buduje finančné rezervy na zabezpečenie v dôchodkovom veku. Systémy penzijného poistenia vo vyspelých krajinách EÚ. Základné piliere dôchodkového zabezpečenia v krajinách Európskej únie. Zamestnanecké penzie. | ||
| 610 | 2 | 0 | |a zabezpečenie dôchodkové |
| 610 | 2 | 0 | |a dôchodky starobné |
| 610 | 2 | 0 | |a dôchodky zamestnanecké |
| 610 | 2 | 0 | |a poistenie dôchodkové |
| 610 | 2 | 0 | |a vek postproduktívny |
| 610 | 2 | 0 | |a penzie |
| 610 | 2 | 0 | |a krajiny vyspelé |
| 610 | 2 | 0 | |a Európska únia |
| 100 | 1 | |a Baláž, Vladimír | |